000 02567nam a2200313 i 4500
003 OSt
005 20260511113943.0
008 260511s2025 nyua ar 000 1 eng d
020 _a9780241715307
_cRM 54.95
_qpaperback
040 _aPPAK
_beng
_cPPAK
_erda
082 0 4 _223
_a823.92
090 0 0 _a823.92
_bTAU
_dK
100 1 _aTaube, Anna,
_d1976-
_eauthor.
245 1 0 _aTHE OCEAN'S HEARTBEAT /
_cConcept and illustrated by dame & dusa ; Translated into English from the German text by Anna Taube.
246 3 4 _aOcean's heartbeat :
_bthe story of a jellyfish in search of a heart
264 1 _aLondon :
_bDorling Kindersley Limited,
_c2025
300 _a1 volume (unpaged) :
_bchiefly colour illustrations ;
_c26 cm
336 _atext
_2rdacontent
337 _aunmediated
_2rdamedia
338 _avolume
_2rdacarrier
500 _aEnglish translation: First Edition Translations
500 _aThe story of a jellyfish in search of a heart --Cover
520 _aThis picture book for young children is about the beauty of every heart and celebrating your own uniqueness. The Ocean's Heartbeat is a joyous, read-aloud picture book about the uniqueness of every creature's heart for children aged 3-5. Packed with fascinating scientific knowledge, including extra pages about the unique hearts of more amazing creatures, this engaging book shows the incredible diversity of life on Earth and encourages everyone to love how they are different and to celebrate being themselves. This magical picture book for children offers: A whimsical and entertaining narrative that can be shared between parents/caregivers and children ; Beautiful, atmospheric collage-style artwork that captures the magic of the jellyfish's journey to find a mysterious heartbeat ; An important story that celebrates the diversity of living creatures and encourages children to value their own uniqueness. In the depths of the sea, a jellyfish hears a loud THOOMP. What is this mysterious sound? A wise fish explains that the THOOMP is a heartbeat. The jellyfish listens to the wise fish's soft heartbeat but sadly realizes she has no heartbeat herself, so she swims off to search for it. Along the way, she meets various creatures and learns about their heartbeats, from the seal to the whale to the octopus with three hearts! But why can't she hear her own?
650 1 0 _aJellyfishes
_vJuvenile fiction.
650 2 0 _aMarine animals
_vJuvenile fiction.
655 7 _aPicture books for children
710 2 _adame & dusa,
_eillustrator.
942 _2ddc
_cB
999 _c204152
_d204152